|
|
|
|
| LEADER |
00000nab a2200000 a 4500 |
| 001 |
vtls010070462 |
| 003 |
SK-MaSNL |
| 005 |
20260304160901.0 |
| 008 |
250507c2010 xo zr|p|||||||000 b|slo |
| 015 |
|
|
|a SNBRB2010/03
|2 snkbucl
|
| 035 |
|
|
|a (uuid)04333e6d-3bb1-4ef1-89a3-7b1b068f4e4c
|
| 035 |
|
|
|a urn:nbn:sk:snk-abacbq
|
| 035 |
|
|
|a (urnnbn)urn:nbn:sk:snk:ar-008exj
|
| 038 |
|
|
|a SNKBUCL
|
| 040 |
|
|
|a SNKBUCL
|b slo
|c SNKBUCL
|e AACR2
|
| 041 |
0 |
|
|a slo
|
| 044 |
|
|
|a xo
|c SK
|
| 080 |
|
|
|a 692.115:699.86
|2 2001
|
| 080 |
|
|
|a 699.86
|2 2001
|
| 100 |
1 |
|
|a Sedláková, Anna,
|d 1956-
|4 aut
|9 114854
|
| 245 |
1 |
0 |
|a Tepelná izolácia v konštrukčnom detaile spodnej stavby
|c Anna Sedláková, Róbert Rudišin ; recenzent Marián Flimel
|
| 300 |
|
|
|b Fotogr., obr., tab.
|
| 650 |
0 |
7 |
|a spodná stavba
|2 snkbucl
|9 761684
|
| 650 |
0 |
7 |
|a konštrukčný detail
|2 snkbucl
|9 626497
|
| 650 |
0 |
7 |
|a tepelné straty
|2 snkbucl
|9 51204
|
| 650 |
0 |
7 |
|a Tepelná izolácia budov
|2 snkbucl
|9 322357
|
| 650 |
0 |
7 |
|a tepelná ochrana budov
|2 snkbucl
|9 67166
|
| 700 |
1 |
|
|a Rudišin, Róbert
|4 aut
|9 541265
|
| 700 |
1 |
|
|a Flimel, Marián
|4 rev
|9 21423
|
| 773 |
0 |
|
|t Eurostav
|g Roč. 16, č. 1-2 (2010), s. 34-37
|x 1335-1249
|
| 850 |
|
|
|a Slovenská národná knižnica
|
| 852 |
|
|
|a Slovenská národná knižnica
|
| 954 |
|
|
|a odborná, vedecká literatúra pôvodná (slovenská)
|2 lita
|
| 958 |
|
|
|a article14
|
| 958 |
|
|
|a OND
|
| 958 |
|
|
|a EUIPO
|
| 999 |
|
|
|c 2969175
|d 2971105
|